|
|
|
|
| LEADER |
01190ppm a22002778a 4500 |
| 001 |
00027131 |
| 005 |
20171026081025.0 |
| 008 |
111006s2009 ||||||viesd |
| 041 |
0 |
# |
|a vie
|
| 082 |
1 |
4 |
|b V454T
|a 495.922
|
| 100 |
1 |
# |
|a Nguyễn, Thị Thùy Liên
|
| 245 |
1 |
0 |
|a Vốn từ vựng chỉ nghề cá ở Đồng Tháp
|b Khóa luận tốt nghiệp : Ngành Sư phạm ngữ văn: Trình độ : Cao đẳng
|c Nguyễn Thị Thùy Liên; Trần Thanh Vân hướng dẫn
|
| 260 |
# |
# |
|a Đồng Tháp
|b Trường Đại học Đồng Tháp
|c 2009
|
| 300 |
# |
# |
|a 68 tr.
|c 30 cm.
|e 1 bản tóm tắt
|b bảng
|
| 500 |
# |
# |
|a ĐTTTS ghi: Bộ Giáo dục và Đào tạo. Trường Đại học Đồng Tháp
|
| 650 |
|
|
|a Ngôn ngữ
|z Đồng Tháp
|
| 653 |
# |
# |
|a Nghề Cá
|
| 653 |
# |
# |
|a Từ vựng
|
| 700 |
1 |
# |
|a Trần, Thanh Vân
|e hướng dẫn
|
| 852 |
# |
# |
|b Kho đọc
|j KD.0011724, KD.0013930
|
| 852 |
# |
# |
|j KD.0011724
|j KD.0013930
|
| 910 |
# |
# |
|a Ntuyet
|d 06/10/2011
|
| 980 |
# |
# |
|a Trung tâm Học liệu Lê Vũ Hùng, Trường Đại học Đồng Tháp
|